1619 1116 1354 1715 1805 1505 1245 1480 1069 1529 1758 1993 1600 1000 1546 1617 1093 1402 1675 1917 1710 1006 1849 1208 1473 1835 1500 1252 1703 1818 1883 1413 1167 1423 1932 1323 1762 1596 1817 1528 1543 1522 1189 1142 1025 1140 1394 1884 1369 1405 1647 1943 1058 1018 1343 1165 1910 1929 1461 1992 1030 1394 1686 1987 1585 1355 1119 1640 1836 1053 1204 1065 1906 1212 1064 1853 1336 1520 1525 1075 1899 1341 1728 1196 1638 1743 1468 1956 1802 1740 1372 1962 1839 1729 1988 1473 1235 1905 1795 BCNSPRNW ULIB Ver.6.0+V

เปลี่ยนเป็นภาษาไทย

Change to English
 แสดงรายละเอียดบรรณานุกรม
  กลับหน้าหลัก

Brief Record : Get Marc (ISO 2709) : E-mail record : QR code < ปิดหน้าต่าง
LEADER : 00000nam 2200000uu 4500
001    13399113552
003     ULIB
008    111125s2553||||th 000 0 tha d
020    ^a9786165000550
090    ^aนว.^bม623ร 2553
100 0  ^aมุกเรียง
245 00 ^aร่านดอกรัก/^cมุกเรียง
250    ^aพิมพ์ครั้งที่ 1
260    ^aกรุงเทพฯ :^bพิมพ์คำ,^c2553
300    ^a386 หน้า
945    ^p250^l0^i16999
995    ^aกัณชพร
999    ^aใช้งานได้ทุกระบบ
รายการนี้ยังไม่มีแท็ก
คุณยังไม่ได้ล็อกอิน คุณสามารถมีกิจกรรมร่วมกับเว็บไซต์ได้ แต่ต้องล็อกอินก่อน ::
  ล็อกอิน

รายการสื่อสารสนเทศ

ลำดับที่ ประเภท เลขเรียก/บาร์โค้ด สถานที่ สถานะ
1. นวนิยาย
นวนิยาย
นว. ม623ร 2553  
  Barcode: 16999
ห้องสมุดวิทยาเขตนครสวรรค์
►นวนิยาย:l:Fiction
บนชั้น

รายการใกล้เคียง
    ผู้แต่ง [มุกเรียง]

BibComment


ยังไม่เคยถูกคอมเมนท์

คอมเมนท์ทรัพยากรรายการนี้
  คอมเมนท์: ร่านดอกรัก มุกเร..


 Copyright 2026. Bcnsprnw @Library